Návrh modelu formy fľaše a jej výroba viacosovým obrábaním

Enregistré dans:
Détails bibliographiques
Auteur principal: Chovanec, Michal, 1986- (Auteur)
Autres auteurs: Polakovič, Miloš, 1982- (Directeur de thèse)
Format: Manuscrit Livre
Langue:slovaque
Publié: STU v Bratislave MTF UVTE KOM, 2010
Sujets:
Accès en ligne:VAIS
Tags: Ajouter un tag
Pas de tags, Soyez le premier à ajouter un tag!

MARC

LEADER 00000ntm a22000003a 4500
001 stu206442
005 20160719160224.3
008 100703s2010------------------------slo-d
040 |a STU  |b slo 
041 0 |a slo 
100 1 |a Chovanec, Michal,  |d 1986-  |4 aut  |X 30306  |7 A000030306 
242 0 0 |a Options production for bottle using multiaxis machining  |y eng 
245 1 |a Návrh modelu formy fľaše a jej výroba viacosovým obrábaním 
260 |b STU v Bratislave MTF UVTE KOM,  |c 2010 
650 7 |a PowerMILL  |2 stusub 
650 7 |a PowerMILL  |2 stusub 
700 1 |a Polakovič, Miloš,  |d 1982-  |4 ths  |u M3000  |U MTF Materiálovotechnologická fakulta  |T MTF Ústav výrobných technológií  |X 16468  |U M3000  |Y 83  |7 A000016468 
856 4 |a info a plný text  |u http://is.stuba.sk/zp/portal_zp.pl?podrobnosti=58481  |3 VAIS 
996 |c M*DP-9069  |l MMSKP  |s P  |a 0  |w stu206442_0001